MARC details
| 000 -CABECERA |
| campo de control de longitud fija |
01255nab a2200181 a 4500 |
| 005 - FECHA Y HORA DE LA ÚLTIMA TRANSACCIÓN |
| campo de control |
20241218093608.0 |
| 007 - CAMPO FIJO DE DESCRIPCIÓN FÍSICA--INFORMACIÓN GENERAL |
| campo de control de longitud fija |
ta |
| 008 - DATOS DE LONGITUD FIJA--INFORMACIÓN GENERAL |
| campo de control de longitud fija |
241018e2022 dr |||||r||||||0| 0 spa d |
| 040 ## - FUENTE DE LA CATALOGACIÓN |
| Centro catalogador/agencia de origen |
DO-SdBNP |
| Centro/agencia transcriptor |
BNPHU |
| Normas de descripción |
spa |
| 041 ## - CÓDIGO DE LENGUA |
| Código de lengua original |
spa |
| 100 1# - ENTRADA PRINCIPAL--NOMBRE DE PERSONA |
| Nombre de persona |
Tejeda Ortíz, Dagoberto, |
| Fechas asociadas al nombre |
1940- |
| 9 (RLIN) |
1575 |
| 245 ## - MENCIÓN DE TÍTULO |
| Título |
Tatica, la de Higüey : |
| Resto del título |
"a tus plantas desde siglos y que nunca te abandona a ti Morena Madre nuestra que deslumbras de misericordia llena" ( Salve de Andújar) / |
| Mención de responsabilidad, etc. |
Dagoberto Tejeda Ortiz. |
| 260 ## - PUBLICACIÓN, DISTRIBUCIÓN, ETC. |
| Lugar de publicación, distribución, etc. |
Santo Domingo, República Dominicana : |
| Nombre del editor, distribuidor, etc. |
Centro Cultural BanReservas, |
| Fecha de publicación, distribución, etc. |
2022. |
| 300 ## - DESCRIPCIÓN FÍSICA |
| Extensión |
página 38. |
| 521 ## - NOTA DE PÚBLICO DESTINATARIO |
| Nota de público destinatario |
L a Virgen de la Altagracia es una advocación de la Virgen María, integrante oficial del santoral de la iglesia Católica, presente en la isla de Santo Domingo desde el periodo colonial, considerada hoy la Madre Espiritual del pueblo dominicano, localizada en Higüey, la cual es una de las primeras devociones de América, cuya identidad está envuelta en mitos, leyendas, historias y tradiciones. |
| 773 0# - ENLACE AL DOCUMENTO FUENTE/ENTRADA DE REGISTRO ANFITRIÓN |
| Lugar, editor y fecha de publicación |
Santo Domingo, República Dominicana : Centro Cultural BanReservas, 2022. |
| Título |
Tatica, la de Higüey : |
| Encabezamiento principal |
Tejeda Ortiz, Dagoberto. |
| 942 ## - ELEMENTOS DE PUNTO DE ACCESO ADICIONAL (KOHA) |
| Fuente del sistema de clasificación o colocación |
Dewey Decimal Classification |
| Tipo de ítem Koha |
Publicación periódica |
| Parte de la signatura que corresponde a la clasificación (Parte de la clasificación) |
Edición 3. Diciembre 2022 |